header

Autosegmental studies in Bantu tone (Record no. 109737)

MARC details
000 -LEADER
fixed length control field 01408nam a2200349 a 4500
082 04 - DEWEY DECIMAL CLASSIFICATION NUMBER
Classification number 496/.39
245 00 - TITLE STATEMENT
Title Autosegmental studies in Bantu tone
260 ## - PUBLICATION, DISTRIBUTION, ETC. (IMPRINT)
Place of publication Dordrecht, Holland ;
-- Cinnaminson N.J., U.S.A. :
Name of publisher Foris Publications,
Year of publication 1984.
300 ## - PHYSICAL DESCRIPTION
Number of Pages 347 p. :
Other physical details ill.
650 #0 - SUBJECT ADDED ENTRY--TOPICAL TERM
Topical Term Bantu languages
Topical Term Bantu languages
700 1# - ADDED ENTRY--PERSONAL NAME
Personal name Clements, George N.
Personal name Goldsmith, John A.,
856 40 - ELECTRONIC LOCATION AND ACCESS
Uniform Resource Identifier http://site.ebrary.com/lib/rucke/Doc?id=10598441

No items available.

© 2026 Rongo University
Contact us: librarian | system librarian | Rongo university